| 000 | 01818nam2a22002771 4500 | ||
|---|---|---|---|
| 001 | RU\NLR\INFOCOMM17\1000375781 | ||
| 005 | 20250617151217.0 | ||
| 035 | _a(NLR Aleph) 002739134 | ||
| 090 |
_a2036899 _c2036899 |
||
| 100 | _a20040123d1903 |||y0rusy50 ca | ||
| 101 | 0 | _arus | |
| 102 | _aRU | ||
| 105 | _ay ||||||||| | ||
| 200 | 0 | _a[Г.38] 1903, №24 | |
| 210 |
_d1903 _aБ. м. |
||
| 320 | _aС указ. к неофиц. части | ||
| 421 | 0 |
_12001#$aПохвальное слово святому Митрофану, первому епископу Воронежскому и чудотворцу$fЗверев, С.Е. _1700#1$aЗверев$bС.Е. _1210##$aВоронеж$d1903 _1309##$aПрипл. _tПохвальное слово святому Митрофану, первому епископу Воронежскому и чудотворцу _aЗверев, С.Е. |
|
| 461 | 0 |
_1001RU\NLR\INFOCOMM17\1000374869 _12001#$aВоронежские епархиальные ведомости$v[Г.38] 1903, №24 _92447871 _cВоронеж _d1866-1917 _tВоронежские епархиальные ведомости _v[Г.38] 1903, №24 |
|
| 481 | 0 |
_1001v19\rc\1759241 _95004822 _aЗверев, С.Е. (1860-1920) _cВоронеж _d1903 _e2-е изд. _f[Законоучитель Михайл. Воронеж. кадет. корпуса, свящ. Стефан Зверев] _nт-во "Печатня С.П. Яковлева" _oК 200-летию блаж. кончины св. Митрофана _p24 с. _tПохвальное слово святому Митрофану, первому епископу Воронежскому и чудотворцу |
|
| 801 | 1 |
_aRU _bInfoComm _c20040123 |
|
| 801 | 0 |
_aRU _bNLR _gPSBO |
|
| 852 |
_aNLR _j5/9 |
||
| 942 | _cISSUE | ||
| 980 | _aNB | ||
| 980 | _aRUSPER | ||